Brickwork : Architecture and Design /

Gespeichert in:
Bibliographische Detailangaben
Hauptverfasser: Plumridge, Andrew (Verfasst von), Meulenkamp, Wim (Verfasst von)
Format: Buch
Sprache:Englisch
Veröffentlicht: New York : Harry N. Abrams, Incorporated, New York, A Times Mirror Company, 1993
Ausgabe:1. vydanie
Schlagworte:
Tags: Tag hinzufügen
Keine Tags, Fügen Sie das erste Tag hinzu!

MARC

LEADER 00000nam a22000003a 4500
001 0102065
003 SK-STU
005 20230522122558.1
007 ta
008 230522s ----xo-----e------000-0-----d
020 |a 0-8109-3123-0 
040 |a STU  |b slo 
041 0 |a eng 
044 |a xxu 
100 1 |a Plumridge, Andrew  |4 aut 
245 1 0 |a Brickwork :  |b Architecture and Design /  |c aut. Andrew Plumridge, Wim Meulenkamp 
250 |a 1. vydanie 
260 |a New York :  |b Harry N. Abrams, Incorporated, New York, A Times Mirror Company,  |c 1993 
300 |a 224 s. 
650 0 7 |a dejiny 
650 0 7 |a tehla 
650 0 7 |a stavebné materiály 
650 0 7 |a stavebné konštrukcie 
650 0 7 |a tehlové stavby 
650 0 7 |a sochárstvo v architektúre 
650 0 7 |a reliéfy 
700 1 |a Meulenkamp, Wim  |4 aut 
996 |b 284AU09717  |c A* 13079/U  |l AAKNAR  |s A  |a 24  |w 0102065_0001